| 000 | 00461nam a2200181Ia 4500 | ||
|---|---|---|---|
| 008 | 170705s9999 xx 000 0 und d | ||
| 020 | _a9780545344760 | ||
| 245 | _aAmelia Earheart : | ||
| 245 | _bthis broad ocean / | ||
| 245 | _cby Sarah Stewart Taylor ; illustrated by Ben Towle. | ||
| 260 | _aNew York : | ||
| 260 | _bScholastic, | ||
| 260 | _c2010 | ||
| 300 | _a78 pages : | ||
| 300 | _bcolor illustration ; | ||
| 300 | _c25cm. | ||
| 500 | _a1080 | ||
| 999 |
_c337073 _d337073 |
||